MARC details
| 000 -LEADER |
| fixed length control field |
00704cam a2200205 4500 |
| 001 - CONTROL NUMBER |
| control field |
X105672 |
| 008 - FIXED-LENGTH DATA ELEMENTS--GENERAL INFORMATION |
| fixed length control field |
000000n2000 000 0 eng u |
| 035 ## - SYSTEM CONTROL NUMBER |
| System control number |
(Sirsi) u105672 |
| 245 ## - TITLE STATEMENT |
| Title |
E-alliance |
| 260 ## - PUBLICATION, DISTRIBUTION, ETC. |
| Date of publication, distribution, etc. |
2000 |
| 490 ## - SERIES STATEMENT |
| Series statement |
Property Week |
| Volume/sequential designation |
28 April 2000, 112(1) |
| 520 ## - SUMMARY, ETC. |
| Summary, etc. |
Three of the US's leading surveying firms, Jones Lang LaSalle, Trammell Crow and CR Richard Ellis, are joining forces to pursue a range of activities from web-based purchasing to on-line marketing. |
| 650 ## - SUBJECT ADDED ENTRY--TOPICAL TERM |
| Topical term or geographic name entry element |
ABOUT RICS-RICS MEMBERS |
| 650 ## - SUBJECT ADDED ENTRY--TOPICAL TERM |
| Topical term or geographic name entry element |
INTERNET |
| 650 ## - SUBJECT ADDED ENTRY--TOPICAL TERM |
| Topical term or geographic name entry element |
JONES LANG LASALLE |
| 650 ## - SUBJECT ADDED ENTRY--TOPICAL TERM |
| Topical term or geographic name entry element |
TRAMMELL CROW |
| 650 ## - SUBJECT ADDED ENTRY--TOPICAL TERM |
| Topical term or geographic name entry element |
CR RICHARD ELLIS |
| 690 ## - LOCAL SUBJECT ADDED ENTRY--TOPICAL TERM (OCLC, RLIN) |
| Topical term or geographic name as entry element |
INFORMATION TECHNOLOGY-INTERNET |
| 942 ## - ADDED ENTRY ELEMENTS (KOHA) |
| Suppress in OPAC |
0 |